000 00850naa a22002417u 4500
001 17334
003 HDC
007 cr bn ---aaaaa
008 210223t xx 000 0 eng
040 _aHDC
100 _aIrfan Sungkar,
_eauthor
_91125
245 0 _aOPPORTUNITIES IN REGIONAL POULTRY INDUSTRY /
_cby Irfan Sungkar
260 _a[No place] :
_b[publisher not identified],
_c[no year]
336 _atext
_2rdacontent
337 _acomputer
_2rdamedia
338 _aonline resource
_2rdacarrier
650 _aFood industry and trade
_xReligious aspects
_xIslam
_9149
650 _aPoultry industry
_9607
856 _zRequest full-text at [email protected]
942 _2lcc
942 _cEIJ
942 _kEMAG 000599
999 _c14650
_d14650